000
00253nam a22000977a 4500
008
221031b |||||||| |||| 00| 0 eng d
020
_a
9788172344566
100
_a
FITZGERALD SCOTT
_9
7601
245
_a
THE GREAT GATSBY
260
_a
INDIA
_b
PRAKASH BOOKS
_c
2022
999
_c
12109
_d
12109